Normal view
MARC view
- HISTORY-PAKISTAN-AYUB KHAN
Entry Topical Term
001 - CONTROL NUMBER
- control field: 63251
003 - CONTROL NUMBER IDENTIFIER
- control field: NUST
005 - DATE AND TIME OF LATEST TRANSACTION
- control field: 20210628203104.0
008 - FIXED-LENGTH DATA ELEMENTS
- fixed length control field: 210628|| aca||aabn | a|a d
040 ## - CATALOGING SOURCE
- Original cataloging agency: NUST
- Transcribing agency: NUST
150 ## - HEADING--TOPICAL TERM
- Topical term or geographic name entry element: HISTORY-PAKISTAN-AYUB KHAN
670 ## - SOURCE DATA FOUND
- Source citation: Work cat.: (NUST): Altaf Gauhar 46494, Ayub khan, fauji raj key pehlay das saal, 2004
